[Event "2nd children's team HISSARLUK"]
[Site "http://www.tribuki.com/bg/"]
[Date "2017.02.05"]
[Round "2.4"]
[White "Kosteski, Mile"]
[Black "Ralchev, Lachezar"]
[Result "1-0"]
[WhiteElo "1592"]
[BlackElo "1622"]
[PlyCount "45"]
[EventDate "2017.02.04"]
[EventType "team"]
[EventRounds "6"]
[EventCountry "BUL"]

1. e4 c6 2. d4 d5 3. e5 Bf5 4. Nf3 e6 5. c3 Qb6 6. Be2 c5 7. O-O Nc6 8. Qa4 a6
9. Na3 Be7 10. dxc5 Bxc5 11. b4 Be7 12. Be3 Qd8 13. Nd4 Rc8 14. Rad1 a5 15. Bb5
Qc7 16. Nxf5 exf5 17. Rxd5 Rd8 18. Rfd1 axb4 19. cxb4 Nh6 20. Rxd8+ Bxd8 21.
Bc5 Ng8 22. Nc4 Qb8 23. Bxc6+ 1-0

[Event "2nd children's team HISSARLUK"]
[Site "http://www.tribuki.com/bg/"]
[Date "2017.02.05"]
[Round "2.4"]
[White "Kanov, Nikola"]
[Black "Eftovska, Lea"]
[Result "1-0"]
[WhiteElo "1367"]
[BlackElo "1350"]
[PlyCount "95"]
[EventDate "2017.02.04"]
[EventType "team"]
[EventRounds "6"]
[EventCountry "BUL"]

1. e4 e5 2. Nf3 Nc6 3. Bc4 Nf6 4. Ng5 d5 5. exd5 Na5 6. Bb5+ c6 7. dxc6 Nxc6 8.
Bc4 Nd5 9. Nxf7 Kxf7 10. Qf3+ Qf6 11. Bxd5+ Ke8 12. Bxc6+ Qxc6 13. Qxc6+ bxc6
14. O-O Bf5 15. d3 Bd6 16. Re1 Kd7 17. Nc3 Rab8 18. Ne4 Bb4 19. c3 Ba5 20. Nc5+
Kd6 21. Nb3 Bb6 22. d4 Rbe8 23. dxe5+ Kd5 24. Bf4 Rhf8 25. Rad1+ Ke6 26. Rd6+
Ke7 27. e6 h6 28. Rxc6 Rf6 29. Be5 Rg6 30. Nc5 Bxc5 31. Rc7+ Kf8 32. Rxc5 Bxe6
33. Bd6+ Kg8 34. Rce5 Kf7 35. f4 Rf6 36. g4 g6 37. Ra5 Bd7 38. Be5 Rb6 39. Rxa7
Re7 40. b3 Rb5 41. c4 Rb6 42. h3 h5 43. Rd1 Ke8 44. Bd6 Rf7 45. Ra8+ Bc8 46.
Rxc8+ Kd7 47. Rc7+ Ke8 48. Re1+ 1-0

[Event "2nd children's team HISSARLUK"]
[Site "http://www.tribuki.com/bg/"]
[Date "2017.02.05"]
[Round "2.4"]
[White "Janeski, Leon"]
[Black "Rangelov, Boyan"]
[Result "0-1"]
[WhiteElo "1388"]
[BlackElo "1368"]
[PlyCount "94"]
[EventDate "2017.02.04"]
[EventType "team"]
[EventRounds "6"]
[EventCountry "BUL"]

1. e4 d5 2. exd5 Qxd5 3. Nc3 Qe5+ 4. Qe2 Qxe2+ 5. Bxe2 c6 6. Nf3 Bf5 7. d3 e6
8. Bf4 Bb4 9. O-O Nf6 10. a3 Bxc3 11. bxc3 Nd5 12. Bd2 Nd7 13. c4 N5f6 14. Nh4
Bg4 15. Bxg4 Nxg4 16. Nf3 O-O 17. Rab1 b6 18. Bf4 Rfe8 19. h3 Ngf6 20. Rfe1 h6
21. Re2 Nh7 22. Ne5 Nhf8 23. Nxc6 Ng6 24. Bh2 Rec8 25. Nd4 Nc5 26. Nb3 Na4 27.
Rd2 Rd8 28. Re1 Rac8 29. Kf1 Nh4 30. Re4 Nf5 31. Rde2 Nc3 32. Re1 Nxe4 33. Rxe4
b5 34. c5 a6 35. Ke2 Rd7 36. a4 Rc6 37. Kd2 Ne7 38. Bd6 Nf5 39. Bh2 Rd5 40. a5
f6 41. g4 Nh4 42. Bg3 Nf3+ 43. Ke3 Ng5 44. Rb4 e5 45. h4 Ne6 46. f3 Nxc5 47.
Nxc5 Rdxc5 0-1

[Event "2nd children's team HISSARLUK"]
[Site "http://www.tribuki.com/bg/"]
[Date "2017.02.05"]
[Round "3.1"]
[White "Cholakov, Nikolay"]
[Black "Tadic, Stefan"]
[Result "1-0"]
[WhiteElo "1932"]
[BlackElo "2147"]
[PlyCount "103"]
[EventDate "2017.02.04"]
[EventType "team"]
[EventRounds "6"]
[EventCountry "BUL"]

1. d4 f5 2. Nf3 Nf6 3. c4 g6 4. Nc3 Bg7 5. Bf4 O-O 6. e3 d6 7. h3 Qe8 8. Be2
Nbd7 9. Nb5 Qd8 10. O-O c6 11. Nc3 Qe8 12. d5 a5 13. Nd4 Nc5 14. Bf3 Bd7 15.
Rc1 Rc8 16. Qe2 h6 17. h4 Qf7 18. Qd2 Nfe4 19. Bxe4 fxe4 20. Bg3 Nd3 21. Rcd1
cxd5 22. cxd5 Bf5 23. f3 Bxd4 24. exd4 e3 25. Qe2 Nxb2 26. Qxb2 Rxc3 27. Qxc3
e2 28. Qxa5 Rc8 29. Rfe1 exd1=Q 30. Rxd1 Rc2 31. a3 Qf6 32. Qa8+ Kf7 33. Qxb7
Bh3 34. Bf2 Rc3 35. gxh3 Rxf3 36. Qb2 Qf5 37. Qe2 Qxd5 38. Rd3 Rf4 39. Bg3 Rf5
40. Qe3 Qa2 41. Rd2 Qb1+ 42. Be1 Ke8 43. Re2 Rf7 44. Qe6 Qb7 45. d5 Qa6 46. Bb4
Qc4 47. Bxd6 Qc1+ 48. Re1 Qc3 49. Bh2 Qc5+ 50. Kh1 Rf2 51. Qc6+ Qxc6 52. dxc6
1-0

[Event "2nd children's team HISSARLUK"]
[Site "http://www.tribuki.com/bg/"]
[Date "2017.02.05"]
[Round "3.1"]
[White "Ivanovic, Marko"]
[Black "Kolev, Lachezar"]
[Result "1/2-1/2"]
[WhiteElo "1894"]
[BlackElo "1792"]
[PlyCount "70"]
[EventDate "2017.02.04"]
[EventType "team"]
[EventRounds "6"]
[EventCountry "BUL"]

1. e4 c5 2. Nf3 d6 3. d4 Nf6 4. Nc3 cxd4 5. Qxd4 Nc6 6. Bb5 Bd7 7. Bxc6 Bxc6 8.
Be3 g6 9. O-O Bg7 10. Rad1 O-O 11. Qd3 b6 12. Nd4 Bb7 13. f3 a6 14. a4 Rc8 15.
Bf2 Qc7 16. Nde2 Nd7 17. Bd4 Ne5 18. Qd2 Nc4 19. Qc1 Bxd4+ 20. Rxd4 e5 21. Rd3
Qc5+ 22. Kh1 b5 23. b3 Na3 24. axb5 Nxb5 25. Nxb5 axb5 26. c3 d5 27. Qh6 f6 28.
Rfd1 Rfd8 29. f4 Qf2 30. R3d2 d4 31. Nxd4 Qxf4 32. Qxf4 exf4 33. Nxb5 Rxd2 34.
Rxd2 Bxe4 35. c4 f5 1/2-1/2

[Event "2nd children's team HISSARLUK"]
[Site "http://www.tribuki.com/bg/"]
[Date "2017.02.05"]
[Round "3.1"]
[White "Gadzhev, Denislav"]
[Black "Musikic, Stefan"]
[Result "1-0"]
[WhiteElo "1613"]
[BlackElo "1735"]
[PlyCount "71"]
[EventDate "2017.02.04"]
[EventType "team"]
[EventRounds "6"]
[EventCountry "BUL"]

1. e4 c5 2. Nc3 Nc6 3. g3 Nf6 4. Bg2 e6 5. f4 d5 6. e5 Nd7 7. Nf3 Be7 8. O-O
O-O 9. h3 f6 10. Qe1 fxe5 11. fxe5 Qc7 12. Nb5 Qb6 13. a4 a6 14. Na3 Qc7 15. c4
d4 16. d3 Ndxe5 17. Nxe5 Qxe5 18. Be4 Rxf1+ 19. Kxf1 Bd7 20. Bf4 Qh5 21. Kg2 e5
22. g4 Qe8 23. Bd5+ Kh8 24. Bxe5 Nxe5 25. Qxe5 Bc6 26. Re1 Bxd5+ 27. cxd5 Qd7
28. Qxe7 Qxd5+ 29. Qe4 Qb3 30. Qe8+ Qg8 31. Qxg8+ Rxg8 32. Re7 b5 33. axb5 axb5
34. Nxb5 Rb8 35. Rc7 h5 36. Rxc5 1-0

[Event "2nd children's team HISSARLUK"]
[Site "http://www.tribuki.com/bg/"]
[Date "2017.02.05"]
[Round "3.2"]
[White "Todorov, Vladimir"]
[Black "Pavlov, Vladimir G."]
[Result "0-1"]
[WhiteElo "1506"]
[BlackElo "1860"]
[PlyCount "42"]
[EventDate "2017.02.04"]
[EventType "team"]
[EventRounds "6"]
[EventCountry "BUL"]

1. d4 e6 2. Bf4 c5 3. e3 Nc6 4. Nf3 cxd4 5. exd4 Qb6 6. b3 Nf6 7. c3 Be7 8. Bd3
Nd5 9. Bg3 Qa5 10. Qc2 Ndb4 11. Qd2 Nxd3+ 12. Qxd3 b6 13. O-O Ba6 14. c4 d5 15.
Nbd2 O-O 16. Rac1 Ba3 17. Rcd1 Rfd8 18. Nb1 dxc4 19. bxc4 Bb2 20. Ng5 Qxg5 21.
f4 Qf6 0-1

[Event "2nd children's team HISSARLUK"]
[Site "http://www.tribuki.com/bg/"]
[Date "2017.02.05"]
[Round "3.2"]
[White "Pavlov, Viktor"]
[Black "Ralchev, Lachezar"]
[Result "1-0"]
[WhiteElo "1780"]
[BlackElo "1622"]
[PlyCount "91"]
[EventDate "2017.02.04"]
[EventType "team"]
[EventRounds "6"]
[EventCountry "BUL"]

1. d4 Nf6 2. c4 e6 3. Nf3 b6 4. Bg5 Bb7 5. e3 Be7 6. Nc3 Ne4 7. Bxe7 Qxe7 8.
Nxe4 Bxe4 9. Bd3 Bb7 10. Rc1 d6 11. O-O Nd7 12. e4 c5 13. d5 e5 14. a4 O-O 15.
h3 Nb8 16. Ne1 Na6 17. Nc2 Bc8 18. Qd2 Qh4 19. Qe3 Bd7 20. Ra1 Rae8 21. a5 Nb8
22. axb6 axb6 23. Qg3 Qxg3 24. fxg3 f5 25. Ra7 fxe4 26. Bxe4 Bc8 27. Ne3 g6 28.
Bc2 Na6 29. Ba4 Rxf1+ 30. Kxf1 Rf8+ 31. Ke2 Nb4 32. Bd7 Ba6 33. b3 h5 34. h4 e4
35. Be6+ Kh8 36. g4 Rf4 37. gxh5 gxh5 38. Nf5 Rg4 39. g3 Rg6 40. Nxd6 Rxg3 41.
Nxe4 Rxb3 42. Ng5 Bxc4+ 43. Kf2 Nd3+ 44. Kg1 Rb1+ 45. Kh2 Rb2+ 46. Kg3 1-0

[Event "2nd children's team HISSARLUK"]
[Site "http://www.tribuki.com/bg/"]
[Date "2017.02.05"]
[Round "3.2"]
[White "Kanov, Nikola"]
[Black "Ilieva, Ralitsa"]
[Result "0-1"]
[WhiteElo "1367"]
[BlackElo "1469"]
[PlyCount "76"]
[EventDate "2017.02.04"]
[EventType "team"]
[EventRounds "6"]
[EventCountry "BUL"]

1. e4 e6 2. d4 d5 3. Nd2 c5 4. c3 Qb6 5. Ngf3 Bd7 6. Bd3 Nc6 7. Qb3 Qxb3 8.
axb3 cxd4 9. Nxd4 Bc5 10. Nb5 Rc8 11. b4 Ne5 12. Be2 a6 13. bxc5 Bxb5 14. exd5
Rxc5 15. Bxb5+ Rxb5 16. dxe6 Nd3+ 17. Ke2 Nxc1+ 18. Rhxc1 Re5+ 19. Kf1 Rxe6 20.
Re1 Nf6 21. Rxe6+ fxe6 22. Re1 Ke7 23. f4 Rf8 24. f5 Ng4 25. Rxe6+ Kd7 26. Kg1
Rxf5 27. Re4 Nf2 28. Rd4+ Ke6 29. Nf3 Nh3+ 30. Kh1 Ng5 31. Nxg5+ Rxg5 32. Rb4
Rb5 33. Re4+ Re5 34. Rxe5+ Kxe5 35. b3 Ke4 36. c4 Kd4 37. Kg1 Kc3 38. Kf1 Kxb3
0-1

[Event "2nd children's team HISSARLUK"]
[Site "http://www.tribuki.com/bg/"]
[Date "2017.02.05"]
[Round "3.2"]
[White "Bakalova, Hristina"]
[Black "Rangelov, Boyan"]
[Result "0-1"]
[WhiteElo "1112"]
[BlackElo "1368"]
[PlyCount "94"]
[EventDate "2017.02.04"]
[EventType "team"]
[EventRounds "6"]
[EventCountry "BUL"]

1. e4 d5 2. Nc3 dxe4 3. Nxe4 Qd5 4. Nc3 Qe5+ 5. Qe2 Qxe2+ 6. Bxe2 c6 7. d3 Bf5
8. Nf3 Nd7 9. Bf4 Ngf6 10. d4 Bxc2 11. Bd1 Bxd1 12. Rxd1 e6 13. O-O Be7 14. Ne5
O-O 15. Nxd7 Nxd7 16. Ne4 Rfe8 17. Bd6 Nf6 18. Bxe7 Nxe4 19. Bb4 Nf6 20. Bc3
Nd5 21. Rfe1 Red8 22. Bd2 h6 23. h3 Rd7 24. Be3 Rad8 25. Rf1 a6 26. a3 Ne7 27.
b3 Nf5 28. Rd3 Nxd4 29. Bxd4 Rxd4 30. Rxd4 Rxd4 31. f3 Rd2 32. Rb1 Kf8 33. Kf1
Ke7 34. b4 Ra2 35. Rb3 Rd2 36. g3 Rh2 37. h4 Rd2 38. g4 Rh2 39. h5 Rd2 40. Ke1
Rd5 41. Kf2 Kd6 42. Ke3 Kc7 43. Kf4 a5 44. bxa5 Rxa5 45. Kg3 Rd5 46. Kg2 b5 47.
Kh2 Rd4 0-1

[Event "2nd children's team HISSARLUK"]
[Site "http://www.tribuki.com/bg/"]
[Date "2017.02.05"]
[Round "3.3"]
[White "Veljanoski, Andrej"]
[Black "Georgiev, Konstantin G."]
[Result "1/2-1/2"]
[WhiteElo "1764"]
[BlackElo "1745"]
[PlyCount "86"]
[EventDate "2017.02.04"]
[EventType "team"]
[EventRounds "6"]
[EventCountry "BUL"]

1. e4 c5 2. Nf3 Nc6 3. d4 cxd4 4. Nxd4 Nf6 5. Nc3 e6 6. Nxc6 bxc6 7. Bd3 d5 8.
O-O Be7 9. Kh1 O-O 10. f4 c5 11. e5 Nd7 12. b3 Bb7 13. Rf3 g6 14. Rh3 f6 15.
Rxh7 f5 16. Rh3 Kg7 17. Qf3 Rb8 18. Qe2 Rh8 19. Rxh8 Qxh8 20. Nb5 Qh6 21. Kg1
c4 22. bxc4 Bc5+ 23. Be3 Qxf4 24. Bxc5 Nxc5 25. Rf1 Qg5 26. Nd4 dxc4 27. Bxc4
Rd8 28. c3 Bd5 29. Bxd5 Rxd5 30. Kh1 Qe7 31. Rb1 g5 32. Qf3 Rxe5 33. Nc6 Qc7
34. Nxe5 Qxe5 35. Qg3 f4 36. Qe1 Ne4 37. Rb7+ Kh6 38. Rb1 Kg6 39. Rd1 Kf5 40.
Rc1 Qc5 41. Rc2 e5 42. Re2 Qc4 43. Rc2 Qd3 1/2-1/2

[Event "2nd children's team HISSARLUK"]
[Site "http://www.tribuki.com/bg/"]
[Date "2017.02.05"]
[Round "3.3"]
[White "Dimov, Nikola"]
[Black "Risteski, Emil"]
[Result "0-1"]
[WhiteElo "1396"]
[BlackElo "1749"]
[PlyCount "64"]
[EventDate "2017.02.04"]
[EventType "team"]
[EventRounds "6"]
[EventCountry "BUL"]

1. e4 c5 2. Nf3 d6 3. d4 cxd4 4. Nxd4 Nf6 5. Nc3 Nc6 6. Bg5 e6 7. Be2 h6 8. Be3
e5 9. Ndb5 a6 10. Na3 b5 11. Nd5 Nxd5 12. exd5 Nb8 13. O-O Be7 14. c4 bxc4 15.
Nxc4 Nd7 16. f4 exf4 17. Bxf4 Nb6 18. Na5 O-O 19. Kh1 Qd7 20. Nc6 Bb7 21. Rc1
Rac8 22. Qb3 Nxd5 23. Nxe7+ Nxe7 24. Bxd6 Rxc1 25. Rxc1 Qxd6 26. Qxb7 Qd2 27.
Rf1 Qxe2 28. Kg1 Qe3+ 29. Kh1 Qe2 30. Kg1 Ng6 31. Qb4 Qb5 32. Qc3 Qb6+ 0-1

[Event "2nd children's team HISSARLUK"]
[Site "http://www.tribuki.com/bg/"]
[Date "2017.02.05"]
[Round "3.3"]
[White "Eftovski, Mateo"]
[Black "Lenkova, Lyubomira"]
[Result "1-0"]
[WhiteElo "1425"]
[BlackElo "1303"]
[PlyCount "85"]
[EventDate "2017.02.04"]
[EventType "team"]
[EventRounds "6"]
[EventCountry "BUL"]

1. d4 d5 2. c4 c6 3. Nc3 Nf6 4. Nf3 e6 5. e3 Be7 6. Bd3 dxc4 7. Bxc4 b5 8. Bd3
Nbd7 9. Qc2 Bb7 10. O-O O-O 11. e4 h6 12. Bf4 a6 13. a3 Rc8 14. b4 a5 15. Rfb1
a4 16. Bf1 Nb6 17. Be3 Qc7 18. Ne5 Bd6 19. Nf3 Ng4 20. e5 Nxe3 21. fxe3 Be7 22.
Rc1 Qb8 23. Ne4 Nd5 24. Qd2 Rfd8 25. Nc5 Qa7 26. h3 Rc7 27. Qd3 g6 28. Qe4 Kg7
29. Bd3 Bc8 30. g4 Rh8 31. Rf1 Nc3 32. Qf4 Bxc5 33. Qf6+ Kg8 34. bxc5 Nd5 35.
Qh4 Nxe3 36. Rf2 Qa5 37. Rb1 Qc3 38. Qd8+ Kh7 39. Bxg6+ Kxg6 40. Qxc7 Qd3 41.
Nh4+ Kg5 42. Qe7+ f6 43. Qxf6# 1-0

[Event "2nd children's team HISSARLUK"]
[Site "http://www.tribuki.com/bg/"]
[Date "2017.02.05"]
[Round "3.3"]
[White "Radkova, Radost"]
[Black "Zlatkov, Anton"]
[Result "1/2-1/2"]
[WhiteElo "1227"]
[BlackElo "1241"]
[PlyCount "55"]
[EventDate "2017.02.04"]
[EventType "team"]
[EventRounds "6"]
[EventCountry "BUL"]

1. e4 e5 2. Nf3 Nc6 3. Bc4 Bc5 4. c3 Nf6 5. O-O d6 6. d4 exd4 7. cxd4 Bb6 8.
Nc3 Bg4 9. Be3 O-O 10. d5 Ne5 11. Be2 Bd7 12. Bg5 h6 13. Bh4 Ng6 14. Bg3 Re8
15. Bd3 Ba5 16. Re1 Bg4 17. h3 Bh5 18. a3 c6 19. b4 Bc7 20. Bc2 Qd7 21. Qd3 Ne5
22. Bxe5 dxe5 23. Nd2 cxd5 24. Nxd5 Nxd5 25. exd5 Bg6 26. Ne4 Kh8 27. Rad1 Rad8
28. Bb3 1/2-1/2

[Event "2nd children's team HISSARLUK"]
[Site "http://www.tribuki.com/bg/"]
[Date "2017.02.05"]
[Round "3.4"]
[White "Hristov, Deyan"]
[Black "Doychinov, Simeon"]
[Result "1-0"]
[WhiteElo "1497"]
[BlackElo "1120"]
[PlyCount "51"]
[EventDate "2017.02.04"]
[EventType "team"]
[EventRounds "6"]
[EventCountry "BUL"]

1. e4 e5 2. Nf3 Nc6 3. Bc4 Bc5 4. O-O d6 5. d3 Be6 6. Bb3 Nf6 7. Nc3 a6 8. Bg5
Nd4 9. Nd5 c6 10. Nxd4 exd4 11. Nxf6+ gxf6 12. Bh4 Rg8 13. f4 Rg4 14. Bxe6 Rxh4
15. Bf5 Qb6 16. Qf3 d5 17. exd5 cxd5 18. Qg3 Rh6 19. Qg8+ Bf8 20. Rfe1+ Kd8 21.
Qxf8+ Kc7 22. Re7+ Kd6 23. Re6+ Kc7 24. Qe7+ Kb8 25. Rxb6 Ka7 26. Rxb7# 1-0

[Event "2nd children's team HISSARLUK"]
[Site "http://www.tribuki.com/bg/"]
[Date "2017.02.06"]
[Round "4.1"]
[White "Veljanoski, Andrej"]
[Black "Cholakov, Nikolay"]
[Result "1/2-1/2"]
[WhiteElo "1764"]
[BlackElo "1932"]
[PlyCount "212"]
[EventDate "2017.02.04"]
[EventType "team"]
[EventRounds "6"]
[EventCountry "BUL"]

1. e4 c5 2. Nf3 d6 3. d4 cxd4 4. Nxd4 Nf6 5. Nc3 a6 6. Be2 e6 7. O-O b5 8. a3
Bb7 9. f3 Nbd7 10. Be3 Qc7 11. Qd2 Be7 12. Rad1 Rc8 13. Rfe1 O-O 14. Kh1 Nb6
15. Bd3 Nc4 16. Bxc4 Qxc4 17. Nce2 Nd7 18. Bg5 Bf6 19. Bxf6 Nxf6 20. Nc1 Rfd8
21. c3 Nd7 22. Nd3 Nb6 23. Qe3 Qc7 24. f4 Nc4 25. Qg3 Qe7 26. Re2 Qf6 27. e5
dxe5 28. Nxe5 Nxe5 29. Rxe5 Rd5 30. Rde1 Rxe5 31. Rxe5 Qg6 32. Qxg6 hxg6 33.
Kg1 Bd5 34. Kf2 f6 35. Re1 Kf7 36. Nc2 a5 37. Nd4 b4 38. axb4 axb4 39. Rc1 Ke7
40. g3 e5 41. Nf3 Ke6 42. fxe5 fxe5 43. Ke3 Rc4 44. Nd2 Rc7 45. c4 Bc6 46. Ra1
Kf5 47. Ra5 Rd7 48. Ra6 Bh1 49. Rb6 Rb7 50. Rxb7 Bxb7 51. b3 g5 52. Nf3 g4 53.
Nd2 Bc6 54. Kd3 Bb7 55. Nf1 Be4+ 56. Kd2 g6 57. Ne3+ Kg5 58. Nc2 Bb7 59. Nxb4
Kf5 60. Ke3 Ke6 61. Nd3 Bf3 62. b4 Kd6 63. Nc5 Bg2 64. Ne4+ Kc6 65. Nf2 Bf1 66.
Nxg4 Kd6 67. c5+ Kd5 68. c6 Bh3 69. Nf2 Bf5 70. b5 Kc5 71. Nd3+ Kxb5 72. Nxe5
Kc5 73. c7 g5 74. Nf7 g4 75. Kf4 Be6 76. Ne5 Kd6 77. Nxg4 Kxc7 78. Kg5 Kd6 79.
h4 Ke7 80. Ne5 Kf8 81. g4 Kg7 82. Kf4 Bc8 83. Nc6 Be6 84. Nd4 Ba2 85. Kg5 Bc4
86. Nf5+ Kh7 87. Kf6 Be2 88. g5 Bh5 89. Ne7 Be2 90. g6+ Kh6 91. Nd5 Bc4 92. Nf4
Bb3 93. h5 Bc4 94. Ne6 Bb3 95. Nf4 Bc4 96. Ke7 Kg7 97. Ne6+ Kh6 98. Kf6 Bb3 99.
Ke5 Bc4 100. Nf4 Bb3 101. Kf5 Bc2+ 102. Kg4 Bd1+ 103. Kf5 Bc2+ 104. Kf6 Bb3
105. Ke7 Kg7 106. Ne2 Bd1 1/2-1/2

[Event "2nd children's team HISSARLUK"]
[Site "http://www.tribuki.com/bg/"]
[Date "2017.02.06"]
[Round "4.1"]
[White "Kolev, Lachezar"]
[Black "Risteski, Emil"]
[Result "1/2-1/2"]
[WhiteElo "1792"]
[BlackElo "1749"]
[PlyCount "90"]
[EventDate "2017.02.04"]
[EventType "team"]
[EventRounds "6"]
[EventCountry "BUL"]

1. e4 c5 2. Nf3 d6 3. d4 cxd4 4. Nxd4 Nf6 5. f3 e5 6. Bb5+ Bd7 7. Bxd7+ Qxd7 8.
Nf5 d5 9. Bg5 dxe4 10. Bxf6 Qxd1+ 11. Kxd1 gxf6 12. fxe4 Nc6 13. c3 Ne7 14. Rf1
Nxf5 15. Rxf5 Rg8 16. g3 Rg4 17. Nd2 Bh6 18. Nc4 Rd8+ 19. Kc2 Rxe4 20. Rxf6
Rxc4 21. Rxh6 Re4 22. Rxh7 Re2+ 23. Kb3 Rdd2 24. Rf1 Rxb2+ 25. Kc4 Rf2 26. Rxf2
Rxf2 27. Kd5 Rxa2 28. Kxe5 Ke7 29. Rh8 Ra5+ 30. Ke4 Ra3 31. Kd4 Ra2 32. h4 Kf6
33. Rg8 a5 34. c4 Rh2 35. Kc5 Rb2 36. h5 a4 37. h6 Rh2 38. Ra8 Rxh6 39. Rxa4
Rg6 40. Ra3 Ke7 41. Rb3 Kd8 42. Rxb7 Rxg3 43. Rxf7 Kc8 44. Kb5 Rg5+ 45. c5 Rg6
1/2-1/2

[Event "2nd children's team HISSARLUK"]
[Site "http://www.tribuki.com/bg/"]
[Date "2017.02.06"]
[Round "4.1"]
[White "Eftovski, Mateo"]
[Black "Gadzhev, Denislav"]
[Result "0-1"]
[WhiteElo "1425"]
[BlackElo "1613"]
[PlyCount "64"]
[EventDate "2017.02.04"]
[EventType "team"]
[EventRounds "6"]
[EventCountry "BUL"]

1. d4 Nf6 2. c4 c5 3. d5 e6 4. Nc3 exd5 5. cxd5 d6 6. e4 g6 7. Bb5+ Nfd7 8.
Nge2 a6 9. Bxd7+ Nxd7 10. a4 Bg7 11. O-O O-O 12. Be3 Rb8 13. f3 Ne5 14. Rb1 b5
15. b4 c4 16. Nd4 Bd7 17. axb5 axb5 18. Rf2 Nd3 19. Ra2 f5 20. Kh1 f4 21. Bg1
g5 22. Ra5 Qe8 23. Ra6 Rf6 24. Ra5 Rh6 25. Qe2 Rxh2+ 26. Bxh2 Bxd4 27. Nd1 Qh5
28. Ra6 g4 29. fxg4 Bxg4 30. Qf1 Be2 31. g4 Qxg4 32. Qg2 Bf3 0-1

[Event "2nd children's team HISSARLUK"]
[Site "http://www.tribuki.com/bg/"]
[Date "2017.02.06"]
[Round "4.2"]
[White "Tadic, Stefan"]
[Black "Pavlov, Vladimir G."]
[Result "0-1"]
[WhiteElo "2147"]
[BlackElo "1860"]
[PlyCount "114"]
[EventDate "2017.02.04"]
[EventType "team"]
[EventRounds "6"]
[EventCountry "BUL"]

1. e4 c5 2. Nf3 d6 3. d4 Nf6 4. dxc5 Qa5+ 5. Bd2 Qxc5 6. Bd3 a6 7. Nc3 e6 8.
O-O b5 9. a3 Bb7 10. Re1 Nbd7 11. Qe2 Be7 12. Rad1 O-O 13. Bf4 Ng4 14. Qd2 Nge5
15. Nxe5 Nxe5 16. Bf1 Rfd8 17. Qd4 Qxd4 18. Rxd4 Bf6 19. Rd2 g5 20. Bg3 Rac8
21. Red1 Rc6 22. f3 Kf8 23. Na2 Ke7 24. Nb4 Rc4 25. Bxe5 Bxe5 26. Bxc4 bxc4 27.
c3 g4 28. Re1 Rg8 29. Kh1 Rg6 30. Nc2 Rh6 31. h3 gxf3 32. Ne3 Bf4 33. Rd4 f2
34. Rf1 Bxe3 35. Rxc4 Kd7 36. Kh2 a5 37. Ra4 Ba6 38. c4 Rh4 39. g4 d5 40. exd5
exd5 41. b3 dxc4 42. bxc4 Rh6 43. Rd1+ Kc7 44. Kg2 Bb7+ 45. Kg3 Rf6 46. Rf1 Be4
47. Rxa5 Bd3 48. Kg2 Bb6 49. Re5 Bxc4 50. Re7+ Kc6 51. Re8 Bxf1+ 52. Kxf1 Rf3
53. Rc8+ Kb7 54. Rf8 Kc7 55. a4 Bc5 56. Re8 Rg3 57. Ke2 Rg1 0-1

[Event "2nd children's team HISSARLUK"]
[Site "http://www.tribuki.com/bg/"]
[Date "2017.02.06"]
[Round "4.2"]
[White "Pavlov, Viktor"]
[Black "Ivanovic, Marko"]
[Result "0-1"]
[WhiteElo "1780"]
[BlackElo "1894"]
[PlyCount "78"]
[EventDate "2017.02.04"]
[EventType "team"]
[EventRounds "6"]
[EventCountry "BUL"]

1. d4 Nf6 2. c4 g6 3. Nc3 Bg7 4. Bf4 O-O 5. e3 c5 6. d5 d6 7. h3 Qb6 8. Rb1 Bf5
9. Bd3 Bxd3 10. Qxd3 Na6 11. a3 Rfd8 12. Nf3 e5 13. Bg5 Qb3 14. e4 Rf8 15. O-O
h6 16. Bxf6 Bxf6 17. Qe3 Kh7 18. Rfd1 Be7 19. Rd3 Qb6 20. Nb5 f5 21. Nd2 Bg5
22. Qe2 Bxd2 23. Rxd2 fxe4 24. Qxe4 Rf4 25. Qd3 Raf8 26. f3 Nc7 27. Nc3 Rd4 28.
Qe2 Qb3 29. Rxd4 cxd4 30. Ne4 d3 31. Qd1 Qxc4 32. Rc1 Qd4+ 33. Kh1 Nxd5 34.
Nxd6 Ne3 35. Nb5 Qxb2 36. Rc7+ Kh8 37. Qg1 d2 38. Qxe3 d1=Q+ 39. Kh2 Qdd2 0-1

[Event "2nd children's team HISSARLUK"]
[Site "http://www.tribuki.com/bg/"]
[Date "2017.02.06"]
[Round "4.2"]
[White "Musikic, Stefan"]
[Black "Ilieva, Ralitsa"]
[Result "0-1"]
[WhiteElo "1735"]
[BlackElo "1469"]
[PlyCount "78"]
[EventDate "2017.02.04"]
[EventType "team"]
[EventRounds "6"]
[EventCountry "BUL"]

1. e4 e6 2. d4 d5 3. Nd2 c5 4. exd5 exd5 5. Ngf3 Nc6 6. dxc5 Bxc5 7. Nb3 Bb6 8.
c3 Nge7 9. Bd3 O-O 10. O-O Bg4 11. Bxh7+ Kh8 12. Bc2 Ne5 13. Nbd2 Qc7 14. h3
Bh5 15. g4 Bg6 16. Kg2 Rac8 17. Nxe5 Qxe5 18. Nf3 Qd6 19. Be3 Bxc2 20. Qxc2 Ng6
21. Qd2 Qc6 22. Nd4 Qd7 23. Nf5 Qc6 24. Bd4 Bxd4 25. Qxd4 f6 26. Rad1 Rfd8 27.
h4 Qc7 28. Rfe1 Re8 29. h5 Nf4+ 30. Kf3 Ne6 31. h6 Nxd4+ 32. Nxd4 gxh6 33. Ne6
Qd7 34. Nf4 Rxe1 35. Rxe1 Re8 36. Rh1 Kh7 37. Rd1 Rg8 38. Rxd5 Qxg4+ 39. Ke3
Re8+ 0-1

[Event "2nd children's team HISSARLUK"]
[Site "http://www.tribuki.com/bg/"]
[Date "2017.02.06"]
[Round "4.2"]
[White "Bakalova, Hristina"]
[Black "Kovacevic, Matija D."]
[Result "0-1"]
[WhiteElo "1112"]
[BlackElo "1578"]
[PlyCount "44"]
[EventDate "2017.02.04"]
[EventType "team"]
[EventRounds "6"]
[EventCountry "BUL"]

1. e4 c5 2. Nf3 Nc6 3. Nc3 e6 4. Bc4 Be7 5. d3 Nf6 6. Be3 d5 7. exd5 exd5 8.
Bb3 d4 9. Bd2 dxc3 10. Bxc3 O-O 11. O-O Bg4 12. h3 Bh5 13. Bd2 Nd4 14. Be3 Bxf3
15. gxf3 Nxb3 16. axb3 Qd7 17. Kg2 Qf5 18. c4 Nh5 19. Kh2 Bd6+ 20. Kg2 Nf4+ 21.
Bxf4 Qxf4 22. Rh1 Rae8 0-1

[Event "2nd children's team HISSARLUK"]
[Site "http://www.tribuki.com/bg/"]
[Date "2017.02.06"]
[Round "4.3"]
[White "Hristov, Deyan"]
[Black "Todorov, Vladimir"]
[Result "1-0"]
[WhiteElo "1497"]
[BlackElo "1506"]
[PlyCount "103"]
[EventDate "2017.02.04"]
[EventType "team"]
[EventRounds "6"]
[EventCountry "BUL"]

1. e4 e5 2. Nf3 Nc6 3. Bc4 Bc5 4. O-O Nf6 5. d3 d6 6. h3 Be6 7. Re1 h6 8. Be3
Bb6 9. Nbd2 Qd7 10. Bxb6 axb6 11. Re3 O-O-O 12. a4 g5 13. Nh2 h5 14. c3 Rdg8
15. Bxe6 Qxe6 16. b4 g4 17. h4 Nd7 18. a5 bxa5 19. b5 Ncb8 20. Rxa5 f5 21. exf5
Qxf5 22. Qb3 Nc5 23. Qd5 Rf8 24. f3 Qf4 25. Nhf1 Qf6 26. g3 gxf3 27. Rxf3 Qe6
28. Qxe6+ Nxe6 29. Rxf8+ Rxf8 30. Kg2 Kd7 31. Nc4 b6 32. Ra7 Kd8 33. Nfe3 Nd7
34. Nd5 Kc8 35. Ne7+ Kb8 36. Nc6+ Kc8 37. Ne3 Nb8 38. Nd5 Nxc6 39. bxc6 Kb8 40.
Rb7+ Kc8 41. Ne7+ Kd8 42. Ng6 Ke8 43. Nxf8 Kxf8 44. Kf3 Kf7 45. Ke3 Kf6 46. d4
exd4+ 47. cxd4 Kf5 48. d5 Nc5 49. Rxc7 Ke5 50. Re7+ Kf6 51. c7 Kxe7 52. c8=Q
1-0

[Event "2nd children's team HISSARLUK"]
[Site "http://www.tribuki.com/bg/"]
[Date "2017.02.06"]
[Round "4.3"]
[White "Ralchev, Lachezar"]
[Black "Bakalov, Vladimir"]
[Result "1-0"]
[WhiteElo "1622"]
[BlackElo "1435"]
[PlyCount "67"]
[EventDate "2017.02.04"]
[EventType "team"]
[EventRounds "6"]
[EventCountry "BUL"]

1. e4 c5 2. c3 d6 3. d4 cxd4 4. cxd4 e6 5. Nf3 Nf6 6. Bd3 Nc6 7. Nc3 a6 8. O-O
Be7 9. h3 O-O 10. a3 h6 11. Be3 b5 12. Rc1 Bb7 13. Qd2 Nh7 14. Rc2 f5 15. exf5
exf5 16. d5 Ne5 17. Nd4 Bc8 18. Nce2 Bd7 19. Nf4 Rf6 20. Nfe6 Bxe6 21. Nxe6 Qd7
22. Bd4 Ng5 23. f4 Nxe6 24. dxe6 Qxe6 25. fxe5 Rff8 26. exd6 Bxd6 27. a4 Qd5
28. Be2 Rad8 29. Bf3 Qe6 30. axb5 axb5 31. Qe2 Qg6 32. Bd5+ Kh8 33. Qe6 Qg3 34.
Qxh6# 1-0